000 00580nam a2200205Ia 4500
003 OSt
005 20230421143745.0
008 210423s2012 xx 000 0 und d
020 _a9788173816635
040 _cAL
041 _aeng
082 _a515.35
_223
_bDASA
100 _aDAS (A N).
_991567
245 _aDifferential equations with introduction to laplace transform.
260 _aLondon
_bNew Central Book Agency
_c2012
300 _aix,370
_bPB
365 _b235
_cINR
906 _aDifferential ; equations ; introduction ; laplace ; transform.
942 _2ddc
_cBK
999 _c160873
_d160873